000 00415pab a2200169 454500
008 180718b2001 xxu||||| |||| 00| 0 eng d
100 _aGhorpade, M.Y.
245 _aPanchayat raj in Karnataka
260 _c2001
300 _ap.10
362 _a4 Oct
650 _aRural development - India - Karnataka
650 _aPanchayat - India - Karnataka
650 _aPanchayat
773 _aHindu
909 _a50953
999 _c50953
_d50953